Patrimonio histórico y acumulación por desposesión en la ciudad turística de Cabo San Lucas, Baja California Sur, México/

Պահպանված է:
Մատենագիտական մանրամասներ
Հիմնական հեղինակ: Bojórquez Luque, Jesús
Ձևաչափ: Գիրք
Ցուցիչներ: Ավելացրեք ցուցիչ
Չկան պիտակներ, Եղեք առաջինը, ով նշում է այս գրառումը!

MARC

LEADER 00000nam a22000007a 4500
003 cru CIDCACS/IIS
005 20180111131924.0
007 ta
008 180110s2016 cr |||p|r||||||0| 0|spa d
999 |c 40783  |d 40783 
040 |c cru CIDCACS/IIS 
100 1 |9 6314  |a Bojórquez Luque, Jesús 
245 1 |a Patrimonio histórico y acumulación por desposesión en la ciudad turística de Cabo San Lucas, Baja California Sur, México/  |c Jesús Bojórquez Luque 
300 |a páginas 173-192:  |b mapas, fotos 
773 0 |0 18728  |9 1718  |a Universidad de Costa Rica  |d San José, Costa Rica Editorial UCR 1956-  |o 18400  |t Revista de Ciencias Sociales/ 
942 |2 ddc  |c PP